[Event "EU-ch (Women) 5th"]
[Site "Dresden"]
[Date "2004.04.02"]
[Round "12"]
[White "Kosintseva, Tatiana"]
[Black "Kosteniuk, Alexandra"]
[Result "0-1"]
[WhiteElo "2447"]
[BlackElo "2469"]
[PlyCount "68"]
[EventDate "2004.03.21"]
[EventType "swiss"]
[EventRounds "12"]
[EventCountry "GER"]
[SourceTitle "CBM 099 Extra"]
[Source "ChessBase"]
[SourceDate "2004.05.04"]
[SourceVersion "1"]
[SourceVersionDate "2004.05.04"]
[SourceQuality "1"]

1. e4 c5 2. Nf3 Nc6 3. Nc3 d6 4. Bb5 Bd7 5. Bxc6 Bxc6 6. d4 cxd4 7. Qxd4 Nf6 8.
Bg5 e6 9. O-O-O Be7 10. Qd3 Qa5 11. h4 a6 12. Nd4 Rc8 13. f4 O-O 14. f5 Rfe8
15. Rhf1 h6 16. fxe6 fxe6 17. e5 Ng4 18. Nxc6 Bxg5+ 19. hxg5 bxc6 20. exd6
Qxg5+ 21. Kb1 Rb8 22. d7 Red8 23. Qd6 Ne3 24. Qxe6+ Kh8 25. Qxc6 Nxf1 26. Rxf1
Qa5 27. Rd1 Rb6 28. Qc8 Rb8 29. Qc6 Rb6 30. Qc8 Rb8 31. Qc4 Rb7 32. Qe4 Qb4 33.
Qe8+ Kh7 34. Na4 Rbxd7 0-1

[Event "Warsaw (Women)"]
[Site "Warsaw"]
[Date "2004.06.19"]
[Round "2"]
[White "Skripchenko, Almira"]
[Black "Kosteniuk, Alexandra"]
[Result "1/2-1/2"]
[WhiteElo "2456"]
[BlackElo "2469"]
[PlyCount "87"]
[EventDate "2004.06.19"]
[EventType "tourn (rapid)"]
[EventRounds "10"]
[EventCountry "POL"]
[EventCategory "8"]
[SourceTitle "CBM 100 Extra"]
[Source "ChessBase"]
[SourceDate "2004.07.06"]
[SourceVersion "2"]
[SourceVersionDate "2004.07.06"]
[SourceQuality "1"]

1. e4 c5 2. Nf3 Nc6 3. Bb5 d6 4. O-O Bd7 5. Re1 Nf6 6. c3 a6 7. Bf1 e5 8. h3
Be7 9. d4 Qc7 10. d5 Na5 11. Nbd2 b5 12. b3 O-O 13. Bd3 Ne8 14. Bc2 g6 15. Nf1
Ng7 16. Bb2 Nb7 17. Qd2 Rae8 18. b4 f5 19. Red1 f4 20. a4 c4 21. axb5 axb5 22.
Ra6 g5 23. Rda1 h5 24. Bd1 Bc8 25. N3h2 Nd8 26. Ra7 Qb6 27. Bc1 Nf7 28. Qa2 Bd8
29. Bf3 Kh7 30. Qe2 Kg6 31. Bd2 Re7 32. Ra8 Bb7 33. R8a5 Nh6 34. Be1 Ng8 35.
Kh1 Nf6 36. g4 fxg3 37. fxg3 Bc8 38. Bg2 Qb7 39. R5a2 Bb6 40. Ra8 Ref7 41. R8a2
Bd7 42. Ne3 Qc8 43. h4 g4 44. Nhf1 1/2-1/2

[Event "Warsaw (Women)"]
[Site "Warsaw"]
[Date "2004.06.19"]
[Round "4"]
[White "Kosteniuk, Alexandra"]
[Black "Rajlich, Iweta"]
[Result "1/2-1/2"]
[WhiteElo "2469"]
[BlackElo "2444"]
[PlyCount "98"]
[EventDate "2004.06.19"]
[EventType "tourn (rapid)"]
[EventRounds "10"]
[EventCountry "POL"]
[EventCategory "8"]
[SourceTitle "CBM 100 Extra"]
[Source "ChessBase"]
[SourceDate "2004.07.06"]
[SourceVersion "2"]
[SourceVersionDate "2004.07.06"]
[SourceQuality "1"]

1. d4 d5 2. c4 c6 3. Nc3 e5 4. dxe5 d4 5. Ne4 Qa5+ 6. Nd2 Nd7 7. Ngf3 Nxe5 8.
Nxd4 Bg4 9. f3 Bh5 10. e3 O-O-O 11. Be2 c5 12. N4b3 Qc7 13. O-O Nf6 14. f4 Nxc4
15. Bxh5 Nxe3 16. Qf3 Nxf1 17. Nxf1 c4 18. Be3 Kb8 19. Nbd2 Bb4 20. Bg4 Rhe8
21. b3 Rxe3 22. Nxe3 Bxd2 23. Nxc4 Bxf4 24. g3 h5 25. Bh3 Be5 26. Re1 Bd4+ 27.
Kh1 Ng4 28. Bxg4 hxg4 29. Qxg4 b5 30. Na3 Bc5 31. Nc2 Qc6+ 32. Qe4 Qxe4+ 33.
Rxe4 Rd2 34. Nb4 Kb7 35. Rf4 Kb6 36. a3 a5 37. Rxf7 axb4 38. axb4 Bxb4 39. Rxg7
Bc3 40. Rf7 Kc5 41. h4 Be5 42. Rf5 Kd4 43. h5 Ke4 44. Rg5 Rd3 45. Kg2 Rxb3 46.
h6 Rb2+ 47. Kh3 Rb1 48. Kg2 Rc1 49. h7 Ba1 1/2-1/2

[Event "Warsaw (Women)"]
[Site "Warsaw"]
[Date "2004.06.20"]
[Round "5"]
[White "Dworakowska, Joanna"]
[Black "Kosteniuk, Alexandra"]
[Result "0-1"]
[WhiteElo "2395"]
[BlackElo "2469"]
[PlyCount "82"]
[EventDate "2004.06.19"]
[EventType "tourn (rapid)"]
[EventRounds "10"]
[EventCountry "POL"]
[EventCategory "8"]
[SourceTitle "CBM 100 Extra"]
[Source "ChessBase"]
[SourceDate "2004.07.06"]
[SourceVersion "2"]
[SourceVersionDate "2004.07.06"]
[SourceQuality "1"]

1. g3 d5 2. Bg2 Nf6 3. d3 Nc6 4. Nf3 e5 5. O-O Be6 6. a3 Qd7 7. b4 Bd6 8. Bb2
a6 9. Nbd2 Bh3 10. c4 Bxg2 11. Kxg2 d4 12. e3 dxe3 13. fxe3 O-O 14. Qe2 Rfe8
15. e4 Rad8 16. Rad1 Qe6 17. Rc1 h6 18. Rfd1 Nd7 19. Nf1 a5 20. c5 Bf8 21. Ne3
axb4 22. Nd5 bxa3 23. Bxa3 Rc8 24. Qb2 Nf6 25. Nxf6+ Qxf6 26. Ra1 Rb8 27. Qc3
Red8 28. Bb2 Re8 29. Rf1 Qe6 30. Ra4 b6 31. cxb6 Rxb6 32. Rc4 Reb8 33. Ba1 f6
34. Rc1 Na7 35. Qe1 c5 36. Nd2 Nc6 37. Ra4 Nb4 38. Ra3 Ra6 39. Rxa6 Qxa6 40.
Rd1 Nc2 41. Qg1 Qxd3 0-1

[Event "Warsaw (Women)"]
[Site "Warsaw"]
[Date "2004.06.20"]
[Round "6"]
[White "Socko, Monika"]
[Black "Kosteniuk, Alexandra"]
[Result "0-1"]
[WhiteElo "2408"]
[BlackElo "2469"]
[PlyCount "106"]
[EventDate "2004.06.19"]
[EventType "tourn (rapid)"]
[EventRounds "10"]
[EventCountry "POL"]
[EventCategory "8"]
[SourceTitle "CBM 100 Extra"]
[Source "ChessBase"]
[SourceDate "2004.07.06"]
[SourceVersion "2"]
[SourceVersionDate "2004.07.06"]
[SourceQuality "1"]

1. d4 d5 2. c4 c6 3. cxd5 cxd5 4. Nc3 Nf6 5. Bf4 Qb6 6. e3 Qxb2 7. Rc1 Bf5 8.
Bb5+ Nc6 9. Nge2 e6 10. Qa4 Rc8 11. Bxc6+ Rxc6 12. Qxa7 Be7 13. Qa8+ Bd8 14. e4
Ra6 15. Qc8 Nxe4 16. O-O Rc6 17. Na4 Qxe2 18. Rxc6 bxc6 19. Qxc6+ Ke7 20. f3
Qc4 21. Qb7+ Kf6 22. fxe4 Qxd4+ 23. Kh1 dxe4 24. Qb5 Kg6 25. Nc5 Bf6 26. Nd7
Qd3 27. Qxd3 exd3 28. Nxf6 gxf6 29. a4 e5 30. Be3 Rb8 31. Kg1 Be4 32. a5 f5 33.
g3 h5 34. a6 h4 35. a7 Rh8 36. gxh4 f4 37. Bf2 Kf5 38. Ra1 d2 39. Rd1 Rc8 40.
Kf1 Bd3+ 41. Kg2 Rg8+ 42. Bg3 fxg3 43. hxg3 Ra8 44. Rxd2 Be4+ 45. Kh3 Rxa7 46.
Rd6 Bf3 47. Rd2 Bg4+ 48. Kg2 e4 49. Kf2 Ra3 50. Rd5+ Ke6 51. Rd4 Ke5 52. Rb4
Ra2+ 53. Ke3 Re2# 0-1

[Event "Warsaw (Women)"]
[Site "Warsaw"]
[Date "2004.06.20"]
[Round "7"]
[White "Kosteniuk, Alexandra"]
[Black "Skripchenko, Almira"]
[Result "1/2-1/2"]
[WhiteElo "2469"]
[BlackElo "2456"]
[PlyCount "57"]
[EventDate "2004.06.19"]
[EventType "tourn (rapid)"]
[EventRounds "10"]
[EventCountry "POL"]
[EventCategory "8"]
[SourceTitle "CBM 100 Extra"]
[Source "ChessBase"]
[SourceDate "2004.07.06"]
[SourceVersion "2"]
[SourceVersionDate "2004.07.06"]
[SourceQuality "1"]

1. e4 e5 2. Nf3 d6 3. d4 Nd7 4. Bc4 h6 5. dxe5 dxe5 6. Bxf7+ Kxf7 7. Nxe5+ Kf6
8. Qd4 c5 9. Nxd7+ Ke7 10. Qxc5+ Kxd7 11. Qb5+ Ke7 12. Nc3 Kf7 13. Be3 Nf6 14.
e5 Ng4 15. O-O Qh4 16. h3 Nxe3 17. fxe3+ Kg8 18. Qb3+ Kh7 19. Nd5 Qg5 20. Rf7
Bxh3 21. Qd3+ Kg8 22. Nf4 Kxf7 23. Nxh3 Qxe5 24. Rf1+ Kg8 25. Qc4+ Kh7 26. Qd3+
Kg8 27. Qc4+ Kh7 28. Qd3+ Kg8 29. Qc4+ 1/2-1/2

[Event "Warsaw (Women)"]
[Site "Warsaw"]
[Date "2004.06.20"]
[Round "8"]
[White "Michna, Marta"]
[Black "Kosteniuk, Alexandra"]
[Result "0-1"]
[WhiteElo "2411"]
[BlackElo "2469"]
[PlyCount "104"]
[EventDate "2004.06.19"]
[EventType "tourn (rapid)"]
[EventRounds "10"]
[EventCountry "POL"]
[EventCategory "8"]
[SourceTitle "CBM 100 Extra"]
[Source "ChessBase"]
[SourceDate "2004.07.06"]
[SourceVersion "2"]
[SourceVersionDate "2004.07.06"]
[SourceQuality "1"]

1. d4 d5 2. e3 Nf6 3. Nf3 e6 4. Nbd2 c5 5. b3 Nc6 6. Bb2 b6 7. a3 Bb7 8. Bd3
Be7 9. Qe2 Qc7 10. O-O O-O 11. Rac1 Rac8 12. Rfd1 Rfd8 13. h3 Qb8 14. Ba6 Bxa6
15. Qxa6 cxd4 16. Nxd4 Nxd4 17. exd4 b5 18. a4 b4 19. Qd3 Rd6 20. Nf3 Ne4 21.
Re1 Bf6 22. g3 Rdc6 23. Kg2 Qc7 24. Re2 g6 25. Ne5 Bxe5 26. dxe5 Nc3 27. Re3
Qb6 28. Rf3 Qc5 29. Qd2 Ne4 30. Qf4 Qe7 31. Bd4 Rxc2 32. Rh1 Nc3 33. Qh6 Ne2
34. Be3 R8c3 35. h4 Qf8 36. Qg5 h6 37. Qf6 d4 38. h5 Rxe3 39. hxg6 Rxf3 40.
Qxf3 fxg6 41. Qe4 Qf5 42. Qa8+ Kg7 43. Rxh6 Nf4+ 44. Kg1 Nh3+ 45. Kh1 Rc1+ 46.
Kh2 Qxf2+ 47. Kxh3 Qf1+ 48. Kg4 Qd1+ 49. Kg5 Qd2+ 50. Kg4 Qxh6 51. Qxa7+ Kg8
52. Qb8+ Qf8 0-1

[Event "Warsaw (Women)"]
[Site "Warsaw"]
[Date "2004.06.21"]
[Round "10"]
[White "Kosteniuk, Alexandra"]
[Black "Dworakowska, Joanna"]
[Result "1/2-1/2"]
[WhiteElo "2469"]
[BlackElo "2395"]
[PlyCount "70"]
[EventDate "2004.06.19"]
[EventType "tourn (rapid)"]
[EventRounds "10"]
[EventCountry "POL"]
[EventCategory "8"]
[SourceTitle "CBM 100 Extra"]
[Source "ChessBase"]
[SourceDate "2004.07.06"]
[SourceVersion "2"]
[SourceVersionDate "2004.07.06"]
[SourceQuality "1"]

1. e4 c5 2. Nf3 d6 3. d4 cxd4 4. Nxd4 Nf6 5. Nc3 a6 6. Bg5 e6 7. f4 Qb6 8. Qd2
Nc6 9. O-O-O Qxd4 10. Qxd4 Nxd4 11. Rxd4 Be7 12. Be2 Bd7 13. Bf3 Bc6 14. Re1 h6
15. Bxf6 gxf6 16. Bh5 Bd8 17. Rxd6 Ke7 18. Rd3 Ba5 19. a3 Rhd8 20. b4 Bc7 21.
g3 Rxd3 22. cxd3 Rd8 23. Kc2 b5 24. Bf3 Bb6 25. Nd5+ Bxd5 26. exd5 Bd4 27. dxe6
Rc8+ 28. Kb1 fxe6 29. Re4 e5 30. fxe5 fxe5 31. Rh4 Rc3 32. Rxh6 Rxd3 33. Be4
Rxa3 34. g4 a5 35. Rh7+ Kf8 1/2-1/2

[Event "RUS-ch (Women) 54th"]
[Site "Kazan"]
[Date "2004.06.29"]
[Round "1"]
[White "Kosteniuk, Alexandra"]
[Black "Turova, Irina"]
[Result "1-0"]
[WhiteElo "2469"]
[BlackElo "2395"]
[PlyCount "63"]
[EventDate "2004.06.29"]
[EventType "tourn"]
[EventRounds "11"]
[EventCountry "RUS"]
[EventCategory "7"]
[SourceTitle "CBM 101 Extra"]
[Source "ChessBase"]
[SourceDate "2004.09.01"]
[SourceVersion "2"]
[SourceVersionDate "2004.09.01"]
[SourceQuality "1"]

1. e4 c5 2. Nf3 e6 3. d4 cxd4 4. Nxd4 a6 5. Bd3 Bc5 6. Be3 Qb6 7. c3 Qc7 8. Qg4
g6 9. f4 Nf6 10. Qg3 b6 11. Nd2 Bb7 12. O-O Be7 13. Rae1 d6 14. e5 Nd5 15. Bf2
dxe5 16. fxe5 Nd7 17. Nc4 O-O-O 18. b4 Kb8 19. Nd6 Bxd6 20. exd6 Qxc3 21. Rc1
Qxb4 22. Bxa6 Rc8 23. Bb5 N5f6 24. Qf4 Ka8 25. a3 Qb2 26. Bxd7 Nxd7 27. Qxf7
Nc5 28. d7 Rcd8 29. Qe8 Nd3 30. Qxd8+ Ka7 31. Nc6+ Bxc6 32. Qxb6+ 1-0

[Event "RUS-ch (Women) 54th"]
[Site "Kazan"]
[Date "2004.07.01"]
[Round "3"]
[White "Kosteniuk, Alexandra"]
[Black "Atalik, Ekaterina"]
[Result "1-0"]
[WhiteElo "2469"]
[BlackElo "2406"]
[PlyCount "111"]
[EventDate "2004.06.29"]
[EventType "tourn"]
[EventRounds "11"]
[EventCountry "RUS"]
[EventCategory "7"]
[SourceTitle "CBM 101 Extra"]
[Source "ChessBase"]
[SourceDate "2004.09.01"]
[SourceVersion "2"]
[SourceVersionDate "2004.09.01"]
[SourceQuality "1"]

1. e4 e5 2. Nf3 Nc6 3. Bb5 a6 4. Ba4 Nf6 5. O-O Be7 6. Re1 b5 7. Bb3 d6 8. c3
O-O 9. h3 Nd7 10. d4 Bf6 11. a4 Bb7 12. d5 Ne7 13. Na3 Qb8 14. Be3 c6 15. c4
bxc4 16. dxc6 Bxc6 17. Nxc4 d5 18. Na5 d4 19. Nxc6 Nxc6 20. Bd2 Nb4 21. Bc4 Nc5
22. Ra3 a5 23. Nh2 d3 24. Ng4 Qd6 25. Be3 Nc2 26. Nxf6+ gxf6 27. Bxc5 Qxc5 28.
Rc3 Qb4 29. Qg4+ Kh8 30. Rd1 Nd4 31. Rdxd3 Rg8 32. Qd1 Qxb2 33. Rg3 Rac8 34.
Qh5 Rxg3 35. Rxg3 Qc1+ 36. Kh2 Rf8 37. Qg4 Qg5 38. Qxg5 fxg5 39. Rxg5 f6 40.
Rg3 h6 41. Bd5 f5 42. Rg6 fxe4 43. Bxe4 Rxf2 44. Rxh6+ Kg7 45. Rg6+ Kf7 46. Rg4
Ne2 47. h4 Rf6 48. h5 Nf4 49. Rg5 Ke6 50. g4 Ne2 51. Bf5+ Kf7 52. Kg2 Nf4+ 53.
Kg3 Rc6 54. Bg6+ Kf6 55. Rf5+ Ke6 56. Bf7+ 1-0

[Event "RUS-ch (Women) 54th"]
[Site "Kazan"]
[Date "2004.07.03"]
[Round "4"]
[White "Kovalevskaya, Ekaterina"]
[Black "Kosteniuk, Alexandra"]
[Result "1/2-1/2"]
[WhiteElo "2467"]
[BlackElo "2469"]
[PlyCount "75"]
[EventDate "2004.06.29"]
[EventType "tourn"]
[EventRounds "11"]
[EventCountry "RUS"]
[EventCategory "7"]
[SourceTitle "CBM 101 Extra"]
[Source "ChessBase"]
[SourceDate "2004.09.01"]
[SourceVersion "2"]
[SourceVersionDate "2004.09.01"]
[SourceQuality "1"]

1. e4 c5 2. Nf3 Nc6 3. Bb5 d6 4. O-O Bd7 5. Re1 Nf6 6. c3 a6 7. Bf1 Bg4 8. d3
e6 9. Nbd2 Nd7 10. h3 Bh5 11. g4 Bg6 12. d4 cxd4 13. cxd4 Be7 14. d5 Nce5 15.
Nxe5 dxe5 16. Nc4 O-O 17. d6 Bh4 18. Bg2 b5 19. Ne3 Qb6 20. Re2 Nc5 21. Nf5
exf5 22. exf5 Rad8 23. Be3 Rxd6 24. Rd2 Rxd2 25. Qxd2 b4 26. Qd5 Be7 27. Rc1
Rc8 28. fxg6 hxg6 29. Qxe5 Qd6 30. Qxd6 Bxd6 31. Bf1 Rc7 32. b3 a5 33. Bc4 Kf8
34. Rd1 Be7 35. Rd5 a4 36. bxa4 Nxa4 37. Bb3 Nc5 38. Bxc5 1/2-1/2

[Event "RUS-ch (Women) 54th"]
[Site "Kazan"]
[Date "2004.07.04"]
[Round "5"]
[White "Kosteniuk, Alexandra"]
[Black "Kosintseva, Tatiana"]
[Result "0-1"]
[WhiteElo "2469"]
[BlackElo "2451"]
[PlyCount "112"]
[EventDate "2004.06.29"]
[EventType "tourn"]
[EventRounds "11"]
[EventCountry "RUS"]
[EventCategory "7"]
[SourceTitle "CBM 101 Extra"]
[Source "ChessBase"]
[SourceDate "2004.09.01"]
[SourceVersion "2"]
[SourceVersionDate "2004.09.01"]
[SourceQuality "1"]

1. e4 c5 2. Nf3 d6 3. d4 cxd4 4. Nxd4 a6 5. Nc3 b5 6. g3 Bb7 7. Bg2 e6 8. O-O
Ne7 9. Bg5 h6 10. Be3 Nec6 11. a4 b4 12. Nce2 Be7 13. a5 O-O 14. Qd2 Nxd4 15.
Nxd4 d5 16. e5 Nc6 17. f4 Nxa5 18. Rxa5 Qxa5 19. f5 exf5 20. Nxf5 Bc5 21. Bxc5
Qxc5+ 22. Kh1 Bc8 23. Nxh6+ gxh6 24. Qxh6 Qxc2 25. Bxd5 Be6 26. Qg5+ Qg6 27.
Qxg6+ fxg6 28. Bxe6+ Kg7 29. Re1 Rf2 30. Bd7 Kf7 31. Rc1 Ra7 32. e6+ Ke7 33. b3
Rf3 34. Ba4 Kxe6 35. Rc6+ Kf7 36. Kg2 Rc3 37. Rb6 a5 38. Rb5 Rc2+ 39. Kh3 Kf6
40. Rb6+ Kf5 41. Rb5+ Ke4 42. Rb6 Kf5 43. Rb5+ Kf6 44. Rb6+ Kg5 45. Rb5+ Kh6
46. Re5 Rf2 47. g4 Raf7 48. Bc6 Rc2 49. Be4 Rc3+ 50. Kh4 Rf2 51. g5+ Kg7 52.
Kg4 Rxb3 53. Re7+ Kf8 54. Rb7 a4 55. Bxg6 a3 56. Bf5 a2 0-1

[Event "RUS-ch (Women) 54th"]
[Site "Kazan"]
[Date "2004.07.06"]
[Round "7"]
[White "Kosteniuk, Alexandra"]
[Black "Stepovaia, Tatiana"]
[Result "1-0"]
[WhiteElo "2469"]
[BlackElo "2362"]
[PlyCount "75"]
[EventDate "2004.06.29"]
[EventType "tourn"]
[EventRounds "11"]
[EventCountry "RUS"]
[EventCategory "7"]
[SourceTitle "CBM 101 Extra"]
[Source "ChessBase"]
[SourceDate "2004.09.01"]
[SourceVersion "2"]
[SourceVersionDate "2004.09.01"]
[SourceQuality "1"]

1. e4 e5 2. Nf3 Nf6 3. Nxe5 d6 4. Nf3 Nxe4 5. d4 d5 6. Bd3 Bd6 7. O-O O-O 8.
Re1 Re8 9. c4 c6 10. Nc3 Nxc3 11. bxc3 Rxe1+ 12. Qxe1 Bg4 13. Bg5 f6 14. Bd2
Nd7 15. Qb1 Bxf3 16. gxf3 Qc7 17. Bxh7+ Kh8 18. Bd3 Nf8 19. Kg2 Qf7 20. c5 Bb8
21. Bf5 Qc7 22. f4 b6 23. Qd3 Qf7 24. Qh3+ Kg8 25. Re1 bxc5 26. dxc5 Bc7 27.
Be6 Nxe6 28. Qxe6 Qxe6 29. Rxe6 Ba5 30. Rxc6 d4 31. Ra6 dxc3 32. Be3 Bc7 33.
Ra3 Kf7 34. Rxc3 Ke6 35. Kf3 Rh8 36. Rd3 Rxh2 37. c6 Rh3+ 38. Ke4 1-0

[Event "RUS-ch (Women) 54th"]
[Site "Kazan"]
[Date "2004.07.07"]
[Round "8"]
[White "Kosteniuk, Alexandra"]
[Black "Zaiatz, Elena"]
[Result "1-0"]
[WhiteElo "2469"]
[BlackElo "2344"]
[PlyCount "53"]
[EventDate "2004.06.29"]
[EventType "tourn"]
[EventRounds "11"]
[EventCountry "RUS"]
[EventCategory "7"]
[SourceTitle "CBM 101 Extra"]
[Source "ChessBase"]
[SourceDate "2004.09.01"]
[SourceVersion "2"]
[SourceVersionDate "2004.09.01"]
[SourceQuality "1"]

1. d4 Nf6 2. c4 e6 3. Nf3 Bb4+ 4. Bd2 a5 5. Nc3 b6 6. Bg5 Bb7 7. e3 h6 8. Bh4
d6 9. Bd3 g5 10. Bg3 Ne4 11. Qc2 f5 12. O-O Bxc3 13. bxc3 Nd7 14. d5 Ndc5 15.
Nd4 e5 16. Nxf5 Nxd3 17. Ng7+ Kd7 18. Qxd3 Nc5 19. Qf5+ Ke7 20. f4 Qf8 21. Qg6
Rg8 22. fxe5 Qxg7 23. exd6+ cxd6 24. Qxd6+ Ke8 25. Rf5 Nd7 26. Qe6+ Kd8 27. Rf7
1-0

[Event "Biel MTO op"]
[Site "Biel"]
[Date "2004.07.19"]
[Round "1"]
[White "Regez, Markus"]
[Black "Kosteniuk, Alexandra"]
[Result "0-1"]
[WhiteElo "2174"]
[BlackElo "2511"]
[PlyCount "68"]
[EventDate "2004.07.19"]
[EventType "swiss"]
[EventRounds "11"]
[EventCountry "SUI"]
[SourceTitle "EXT 2005"]
[Source "ChessBase"]
[SourceDate "2004.11.15"]
[SourceVersion "1"]
[SourceVersionDate "2004.11.15"]
[SourceQuality "1"]

1. d4 d5 2. c4 e6 3. Nc3 c6 4. Nf3 dxc4 5. e3 b5 6. a4 Bb4 7. Bd2 a5 8. axb5
Bxc3 9. Bxc3 cxb5 10. b3 Bb7 11. bxc4 b4 12. Bb2 Nf6 13. Bd3 Nbd7 14. Qc2 Qc7
15. O-O O-O 16. e4 e5 17. c5 Rfe8 18. Rfe1 exd4 19. Bxd4 Ng4 20. Rad1 Bc6 21.
Bc4 Nde5 22. Nxe5 Nxe5 23. Bd5 Rab8 24. Re3 a4 25. Rg3 b3 26. Qb2 Bxd5 27. exd5
f6 28. f4 Nc4 29. Qc3 b2 30. Rb1 Qxf4 31. Qxc4 Re1+ 32. Rxe1 b1=Q 33. d6+ Kf8
34. Rge3 Qxe3+ 0-1

[Event "Biel MTO op"]
[Site "Biel"]
[Date "2004.07.22"]
[Round "4"]
[White "Kosteniuk, Alexandra"]
[Black "Flueckiger, Christian"]
[Result "1-0"]
[WhiteElo "2511"]
[BlackElo "2325"]
[PlyCount "53"]
[EventDate "2004.07.19"]
[EventType "swiss"]
[EventRounds "11"]
[EventCountry "SUI"]
[SourceTitle "CBM 101 Extra"]
[Source "ChessBase"]
[SourceDate "2004.09.01"]
[SourceVersion "2"]
[SourceVersionDate "2004.09.01"]
[SourceQuality "1"]

1. e4 d6 2. d4 Nf6 3. Nc3 g6 4. Be3 Bg7 5. Qd2 c6 6. Nf3 b5 7. Bd3 Bg4 8. e5 b4
9. Ne4 Nxe4 10. Bxe4 d5 11. Bd3 Bxf3 12. gxf3 a5 13. h4 e6 14. h5 Nd7 15. c4
dxc4 16. Bxc4 Nb6 17. Bd3 f5 18. exf6 Qxf6 19. hxg6 hxg6 20. Rg1 Qxf3 21. Qc2
Rh1 22. Kd2 Bh6 23. Be2 Qxf2 24. Qxc6+ Ke7 25. Qc5+ Kd7 26. Bxh6 Rxh6 27. Raf1
1-0

[Event "Biel MTO op"]
[Site "Biel"]
[Date "2004.07.25"]
[Round "6"]
[White "Kosteniuk, Alexandra"]
[Black "Raetsky, Alexander"]
[Result "0-1"]
[WhiteElo "2511"]
[BlackElo "2399"]
[PlyCount "42"]
[EventDate "2004.07.19"]
[EventType "swiss"]
[EventRounds "11"]
[EventCountry "SUI"]
[SourceTitle "CBM 101 Extra"]
[Source "ChessBase"]
[SourceDate "2004.09.01"]
[SourceVersion "2"]
[SourceVersionDate "2004.09.01"]
[SourceQuality "1"]

1. e4 e5 2. Nf3 Nf6 3. Nxe5 d6 4. Nf3 Nxe4 5. d4 d5 6. Bd3 Bd6 7. O-O O-O 8. c4
c6 9. Re1 Bg4 10. Bxe4 dxe4 11. Rxe4 f5 12. Re6 Qd7 13. Re1 Na6 14. Qb3 Bxf3
15. Qxf3 Rae8 16. Be3 Nb4 17. c5 Nc2 18. cxd6 f4 19. Bd2 Nxe1 20. Qb3+ Kh8 21.
Na3 f3 0-1

[Event "Biel MTO op"]
[Site "Biel"]
[Date "2004.07.27"]
[Round "8"]
[White "Kosteniuk, Alexandra"]
[Black "Herbrechtsmeier, Christof"]
[Result "1-0"]
[WhiteElo "2511"]
[BlackElo "2289"]
[PlyCount "59"]
[EventDate "2004.07.19"]
[EventType "swiss"]
[EventRounds "11"]
[EventCountry "SUI"]
[SourceTitle "EXT 2005"]
[Source "ChessBase"]
[SourceDate "2004.11.15"]
[SourceVersion "1"]
[SourceVersionDate "2004.11.15"]
[SourceQuality "1"]

1. e4 b6 2. d4 Bb7 3. Nc3 e6 4. Bd3 Bb4 5. Nge2 Nf6 6. a3 Be7 7. e5 Nd5 8. Ne4
f5 9. N4g3 Bg5 10. h4 Bxc1 11. Qxc1 O-O 12. c4 Ne7 13. Nf4 Kh8 14. Qe3 c5 15.
dxc5 Nbc6 16. O-O-O Qc7 17. Rhe1 Rfc8 18. Kb1 Na5 19. b4 bxc5 20. bxa5 Qxa5 21.
Bc2 Rab8 22. Kc1 Nc6 23. Nge2 Ba6 24. Qc3 Qc7 25. Rd6 Bxc4 26. Rxc6 dxc6 27.
Qxc4 Qxe5 28. Nd3 Qa1+ 29. Kd2 Qxa3 30. Qxc5 1-0

[Event "Biel MTO op"]
[Site "Biel"]
[Date "2004.07.30"]
[Round "11"]
[White "Thorfinnsson, Bragi"]
[Black "Kosteniuk, Alexandra"]
[Result "1-0"]
[WhiteElo "2431"]
[BlackElo "2511"]
[PlyCount "69"]
[EventDate "2004.07.19"]
[EventType "swiss"]
[EventRounds "11"]
[EventCountry "SUI"]
[SourceTitle "EXT 2005"]
[Source "ChessBase"]
[SourceDate "2004.11.15"]
[SourceVersion "1"]
[SourceVersionDate "2004.11.15"]
[SourceQuality "1"]

1. d4 d5 2. c4 e6 3. Nc3 c6 4. Nf3 dxc4 5. a4 Bb4 6. e3 b5 7. Bd2 a5 8. axb5
Bxc3 9. Bxc3 cxb5 10. b3 Bb7 11. bxc4 b4 12. Bb2 Nf6 13. Bd3 Nbd7 14. O-O O-O
15. Re1 Ne4 16. Nd2 f5 17. f3 Nxd2 18. Qxd2 Qb6 19. Rab1 Bc6 20. Kh1 Nf6 21. e4
fxe4 22. fxe4 Ng4 23. Rf1 Qc7 24. e5 Qb7 25. d5 exd5 26. h3 Nh6 27. Qg5 dxc4
28. Bxc4+ Nf7 29. Rxf7 Rxf7 30. Rf1 Bxg2+ 31. Qxg2 Qxg2+ 32. Kxg2 Raa7 33. Bd4
Rac7 34. Rxf7 Rxf7 35. Bc5 1-0

[Event "US op 105th"]
[Site "Fort Lauderdale"]
[Date "2004.08.14"]
[Round "8"]
[White "Kosteniuk, Alexandra"]
[Black "Chua, Alexander J"]
[Result "1-0"]
[WhiteElo "2511"]
[BlackElo "2238"]
[PlyCount "49"]
[EventDate "2004.08.07"]
[EventType "swiss"]
[EventRounds "9"]
[EventCountry "USA"]
[SourceTitle "CBM 101 Extra"]
[Source "ChessBase"]
[SourceDate "2004.09.01"]
[SourceVersion "2"]
[SourceVersionDate "2004.09.01"]
[SourceQuality "1"]

1. e4 c6 2. d4 d5 3. Nd2 dxe4 4. Nxe4 Nf6 5. Nxf6+ gxf6 6. Be2 Bf5 7. Nf3 e6 8.
O-O Bd6 9. c4 Nd7 10. d5 cxd5 11. cxd5 e5 12. Bh6 Bg6 13. Qb3 Rb8 14. Rfe1 Qb6
15. Qa4 Bc5 16. Bb5 Bxf2+ 17. Kh1 Bxe1 18. Bxd7+ Ke7 19. Nxe1 Qxb2 20. d6+ Kxd6
21. Rd1+ Ke7 22. Bc1 b5 23. Qxa7 Qc2 24. Bxb5+ Kf8 25. Bh6+ 1-0

[Event "Lausanne YM 5th"]
[Site "Lausanne"]
[Date "2004.09.15"]
[Round "1.1"]
[White "Navara, David"]
[Black "Kosteniuk, Alexandra"]
[Result "1-0"]
[WhiteElo "2616"]
[BlackElo "2511"]
[PlyCount "93"]
[EventDate "2004.09.15"]
[EventType "k.o."]
[EventRounds "3"]
[EventCountry "SUI"]
[SourceTitle "CBM 104"]
[Source "ChessBase"]
[SourceDate "2005.01.27"]
[SourceVersion "1"]
[SourceVersionDate "2005.01.27"]
[SourceQuality "1"]

1. e4 e5 2. Nf3 Nf6 3. Nxe5 d6 4. Nc4 Nxe4 5. d4 d5 6. Ne3 Be6 7. Nd2 Nxd2 8.
Bxd2 c5 9. Bb5+ Nc6 10. Bc3 Qb6 11. Bxc6+ bxc6 12. O-O cxd4 13. Bxd4 Bc5 14. c3
Bxd4 15. cxd4 Qxb2 16. Qa4 Qb5 17. Qa3 Rb8 18. Rfc1 Qb4 19. Qxa7 O-O 20. a3 Qb2
21. Qc5 Bd7 22. h3 f5 23. Qd6 Rbd8 24. Nc2 f4 25. Qb4 Rb8 26. Qxb2 Rxb2 27. Nb4
Re8 28. Nd3 Rd2 29. Rd1 Rxd1+ 30. Rxd1 Ra8 31. Nc5 Bf5 32. a4 Kf7 33. Re1 g5
34. f3 h5 35. Kf2 Bc8 36. Rb1 Ke7 37. Ke1 Kd6 38. Kd2 Ba6 39. Kc3 Kc7 40. Re1
Kb6 41. Kb4 Bc8 42. Re5 g4 43. Rxh5 gxf3 44. gxf3 Kc7 45. Rh7+ Kd6 46. a5 Rb8+
47. Kc3 1-0